000 00684pam a2200241 a 4500
001 2068049
005 20240124063645.0
008 940407s1995 enk b 001 0 eng
020 _a0415093848 (hbk.)
020 _a0415093856 (pbk.)
040 _aDLC
_cDLC
_dDLC
082 0 0 _a305.8
_220
_bCOL.
100 1 _aGuillaumin, Colette.
245 1 0 _aRacism, sexism, power, and ideology /
_cColette Guillaumin.
250 _a1st.
260 _aLondon ;
_aNew York :
_bRoutledge,
_c1995.
300 _ax, 288 p. ;
650 0 _aRacism.
650 0 _aSexism.
650 0 _aPower (Social sciences)
856 4 2 _uhttp://www.loc.gov/catdir/enhancements/fy0648/94012149-d.html
942 _cL
999 _c199
_d199